000 00309nam a22001337a 4500
008 170316b xxu||||| |||| 00| 0 eng d
020 _a9781568217390
041 _aeng
080 _a616.8
100 _a7
101 _aSHM
245 _aTHE NEUROLOGICAL BOUNDARIES OF REALITY
_cCRITCHLEY, E
942 _2udc
_cBK
999 _c7996
_d7996